Digital Business and Electronic Commerce: (Record no. 1400898)
[ view plain ]
| 000 -LEADER | |
|---|---|
| fixed length control field | 00522nam a22001817a 4500 |
| 003 - CONTROL NUMBER IDENTIFIER | |
| control field | OSt |
| 005 - DATE AND TIME OF LATEST TRANSACTION | |
| control field | 20250515145924.0 |
| 008 - FIXED-LENGTH DATA ELEMENTS--GENERAL INFORMATION | |
| fixed length control field | 250515b |||||||| |||| 00| 0 eng d |
| 020 ## - INTERNATIONAL STANDARD BOOK NUMBER | |
| International Standard Book Number | 9783030634810 |
| 040 ## - CATALOGING SOURCE | |
| Transcribing agency | rda |
| 100 ## - MAIN ENTRY--PERSONAL NAME | |
| Personal name | Wirtz, Bernd W.., |
| Relator term | author |
| 9 (RLIN) | 784435 |
| 245 ## - TITLE STATEMENT | |
| Title | Digital Business and Electronic Commerce: |
| Remainder of title | Strategy, Business Models and Technology |
| Statement of responsibility, etc. | by Bernd W. Wirtz |
| 260 ## - PUBLICATION, DISTRIBUTION, ETC. | |
| Place of publication, distribution, etc. | Germany: |
| Name of publisher, distributor, etc. | Springer, |
| Date of publication, distribution, etc. | 2021 |
| 300 ## - PHYSICAL DESCRIPTION | |
| Extent | xviii,758p. |
| 650 ## - SUBJECT ADDED ENTRY--TOPICAL TERM | |
| Source of heading or term | Business |
| 650 ## - SUBJECT ADDED ENTRY--TOPICAL TERM | |
| Source of heading or term | Commerce |
| 942 ## - ADDED ENTRY ELEMENTS (KOHA) | |
| Source of classification or shelving scheme | Colon Classification (CC) |
| Koha item type | General Books |
| Suppress in OPAC | No |
| Withdrawn status | Lost status | Source of classification or shelving scheme | Damaged status | Not for loan | Home library | Current library | Shelving location | Date acquired | Cost, normal purchase price | Total Checkouts | Full call number | Barcode | Date last seen | Price effective from | Koha item type |
|---|---|---|---|---|---|---|---|---|---|---|---|---|---|---|---|
| Colon Classification (CC) | Faculty of Management Library | Faculty of Management Library | General Stacks | 2024-10-11 | 129.99 | XobD65,8(2:55) R1 | ML1635931 | 2025-05-15 | 2025-05-15 | General Books |
